000 00473nam a2200181Ia 4500
005 20250603145648.0
008 250603s9999 xx 000 0 und d
020 _a978-81-203-2991-1
050 _aQ 180.55.M4 .T39/
100 _aTaylor, Bill
245 0 _aResearch methodology: a guide for researchers in management and social sciences
260 _aNew Delhi
260 _bPHI Learning
260 _c2009
300 _a227 p
650 _aNew Delhi
942 _cBK
999 _c42491
_d42491